LEADER 01001nam0-22002771i-450- 001 990001672330403321 005 20050524120037.0 035 $a000167233 035 $aFED01000167233 035 $a(Aleph)000167233FED01 035 $a000167233 100 $a20030910d1921----km-y0itay50------ba 101 0 $aita 200 1 $aRelazione della sottocommissione incaricata della Commissione censuaria centrale di esaminare le tariffe d'estimo della Provincia di Bologna$fMinistero delle Finanze 210 $aRoma$cTip. coop. sociale$d1921 215 $a301 p.$d30 cm 610 0 $aImposte fondiarie 676 $a336.22 710 02$aItalia.$bMinistero delle finanze$0356818 801 0$aIT$bUNINA$gRICA$2UNIMARC 901 $aBK 912 $a990001672330403321 952 $a60 336.22 A 1$b23553$fFAGBC 959 $aFAGBC 996 $aRelazione della sottocommissione incaricata della Commissione censuaria centrale di esaminare le tariffe d'estimo della Provincia di Bologna$9370873 997 $aUNINA